Natural resources management in agriculture [ methods for assessing economic and environmental impacts

Bibliographic Details
Main Authors: Freeman, H. Ade (Author), Shiferaw, Bekele [ (Bekele Ambaye)] (Author), Swinton, Scott M. (Author)
Format: Book
Language:English
Published: Wallingford, Oxfordshire, UK : CABI Publishing , c2005
Subjects:
Online Access:https://www.cabi.org/cabebooks/FullTextPDF/2004/20043206486.pdf

MARC

LEADER 00000cam a2200000 7i4500
001 0000087362
005 20220124162337.0
008 141111s2005 enk eng
020 |a 0851990681 (e-book) 
020 |a 0851998283 
020 |a 1280908297 
020 |a 9780851990682 (e-book) 
020 |a 9780851998282 (e-book) 
020 |a 9781280908293 
050 0 0 |a S589.75   |b .N38 2005 
090 0 0 |a S589.75   |b .N38 2005 
245 0 0 |a Natural resources management in agriculture [  |h electronic resource] :   |b methods for assessing economic and environmental impacts   |c edited by B.A. Shiferaw, H.A. Freeman, and S.M. Swinton 
260 |a Wallingford, Oxfordshire, UK :   |b CABI Publishing ,   |c c2005 
300 |a 1 online resource (xvi, 382 pages) :   |b illustrations 
500 |a Based on papers from a workshop held at the International Crops Research Institute for the Semi-arid Tropics, Dec. 6-7, 2002 
504 |a Includes bibliographical references and index 
505 0 |a 1. Introduction -- 2. Valuation of ecosystem services and biophysical indicators of NRM impacts -- 3. Methodological advances for a comprehensive impacts assessment -- 4. NRM impact assessment in practice -- 5. Towards improved approaches for NRM impactassessment 
650 0 |a Agricultural resources   |x Management   |v Congresses 
650 0 |a Agriculture   |x Economic aspects   |v Congresses 
650 0 |a Agriculture   |x Environmental aspects   |v Congresses 
700 1 |a Freeman, H. Ade ,   |e author 
700 1 |a Shiferaw, Bekele [  |q (Bekele Ambaye)] ,   |e author 
700 1 |a Swinton, Scott M. ,   |e author 
856 4 0 |u https://www.cabi.org/cabebooks/FullTextPDF/2004/20043206486.pdf 
999 |a 1000162609   |b Electronic Book   |c Electronic Resource   |e Gong Badak Campus